000 00737nam a2200229 a 4500
001 11464
003 BD-RjUL
005 20211208235130.0
008 170513s1960 enka b 101 0 eng d
035 _a(BD-RjUL)11513
040 _aDLC/ICU
_cICU
_dDLC
_dBD-RjUL
_beng
041 _aeng
082 0 0 _a571.6
_bNEW 1960
_223
245 0 0 _aNew approaches in cell biology :
_bproceedings /
_cedited by P.M.B. Walker.
260 _aLondon ;
_aNew York :
_bAcademic Press,
_cc1960.
300 _aviii, 208 p. :
_bill. ;
_c24 cm.
504 _aIncludes bibliographies and index.
650 0 _aCytology
_xCongresses.
_935434
700 1 _aWalker, P. M. B.
_935435
711 _aSymposium on New Approaches in Cell Biology
_9213047
942 _2ddc
_cBK
999 _c11464
_d11464